000 00222nam a22000977a 4500
003 SGT
245 _aJOURNAL OF ADVANCED PHARMACEUTICAL TECHNOLOGY
260 _aMUMBAI
_bWOLTERS KLUWER
_c2016
310 _a1-4
942 _2ddc
_cBV
999 _c24202
_d24202